Statistics for Technology by Letter: L

Click here to take the quiz!

General Stats

  • This quiz has been taken 17 times
  • The average score is 9 of 16

Answer Stats

HintAnswer% Correct
Portable computerLaptop
93%
Prevents a door from being openedLock
93%
Edison's brightest inventionLight bulb
87%
Battery type often used for portable electronicsLithium-ion battery
87%
Open-source operating systemLinux
80%
Coherent light beamLaser
73%
Substance used to reduce frictionLubricant
73%
More energy-efficient means of illuminationLight-emitting diode (LED)
67%
Curved piece of glass with a focusLens
60%
Computer screen technology using polarizationLiquid-crystal display (LCD)
53%
A train's engine carLocomotive
53%
Substance to keep anything at -196°C/-320°F/77KLiquid nitrogen
40%
Weaving the warp and the weftLoom
33%
Sturdy skin productLeather
27%
Maritime navigational aidLighthouse
13%
Tool to express online approvalLike button
7%

Score Distribution

Percentile by Number Answered

Percent of People with Each Score

Your Score History

You have not taken this quiz